000 00624nam a2200205Ii 4500
003 JO-AjNU
008 230606s9999||||xx |||||||||||||| ||und||
020 _a978-0-19-954005-11
040 _aJO-AjNU
_beng
_erda
_cJO-AjNU
041 _aeng
050 1 4 _aP7213 1988
100 3 _aWaterfield,Robin تأليف/ Waterfield,Robin مترجم,
_eauthor
_92563
245 0 0 _aPlutarch:Greek Lives
264 3 1 _aNew York:Oxford University Press,1988
300 _a483p
336 _atext
_btxt
_2rdacontent
337 _aunmediated
_bn
_2rdamedia
338 _avolume
_bnc
_2rdacarrier
650 4 _aPlutarch:Greek Lives
_92564
999 _aE1341
_c1341
_d1341